Estadísticas para Ciudad más Poblada de Todos los Países

Haz click aquí para intentar la prueba.

Estadísticas generales

  • Esta prueba ha sido intentada 38 veces
  • La puntuación promedio es 113 de 209

Estadísticas de respuestas

PaísCiudad% Correcto
ArgentinaBuenos Aires
94%
EgiptoEl Cairo
94%
EspañaMadrid
94%
ColombiaBogotá
91%
Belgica (urbano)Bruselas
91%
FranciaParís
91%
Ecuador (ciudad)Quito
91%
ChileSantiago
91%
Corea del SurSeúl
91%
AustriaViena
91%
MéxicoCiudad de México
88%
CatarDoha
88%
SueciaEstocolmo
88%
CubaLa Habana
88%
MónacoMónaco
88%
Estados UnidosNueva York
88%
NoruegaOslo
88%
Italia (ciudad)Roma
88%
El SalvadorSan Salvador
88%
BrasilSão Paulo
88%
Países Bajos (ciudad)Ámsterdam
84%
AndorraAndorra la Vieja
84%
Alemania (ciudad)Berlín
84%
FinlandiaHelsinki
84%
PerúLima
84%
Reino UnidoLondres
84%
AustraliaSídney
84%
BulgariaSofía
84%
AlbaniaTirana
84%
JapónTokio
84%
CroaciaZagreb
84%
ParaguayAsunción
81%
Ciudad del VaticanoCiudad del Vaticano
81%
PanamáCiudad de Panamá
81%
DinamarcaCopenhague
81%
UcraniaKiev
81%
RusiaMoscú
81%
IslandiaReikiavik
81%
Arabia SauditaRiad
81%
EstoniaTallin
81%
PoloniaVarsovia
81%
GreciaAtenas
78%
RumaniaBucarest
78%
VenezuelaCaracas
78%
Israel (ciudad)Jerusalén
78%
JamaicaKingston
78%
San Vicente y las GranadinasKingstown
78%
PortugalLisboa
78%
LuxemburgoLuxemburgo
78%
Bosnia y HerzegovinaSarajevo
78%
ArgeliaArgel
75%
HungríaBudapest
75%
MarruecosCasablanca
75%
GuatemalaCiudad de Guatemala
75%
Emiratos Árabes UnidosDubái
75%
IrlandaDublin
75%
EsloveniaLiubliana
75%
Filipinas (urbano)Manila
75%
Italia (urbano)Milán
75%
BielorrusiaMinsk
75%
República ChecaPraga
75%
AzerbaiyánBakú
72%
BangladésDaca
72%
UruguayMontevideo
72%
Chipre (urbano)Nicosia
72%
Corea del NortePionyang
72%
HaitíPuerto Príncipe
72%
Costa RicaSan José
72%
HondurasTegucigalpa
72%
CanadáToronto
72%
IndonesiaYakarta
72%
SuizaZúrich
72%
EslovaquiaBratislava
69%
India (urbano)Delhi
69%
ArmeniaEreván
69%
AfganistánKabul
69%
LetoniaRiga
69%
República DominicanaSanto Domingo
69%
LiechtensteinSchaan
69%
SingapurSingapur
69%
IránTeherán
69%
Israel (urbano)Tel Aviv
69%
LituaniaVilna
69%
IrakBagdad
66%
SerbiaBelgrado
66%
SenegalDakar
66%
Siria (urbano)Damasco
66%
GuyanaGeorgetown
66%
SudáfricaJohannesburgo
66%
MalasiaKuala Lumpur
66%
KeniaNairobi
66%
China (ciudad)Shanghái
66%
TúnezTúnez
66%
MongoliaUlán Bator
66%
EtiopíaAdís Abeba
63%
Nueva ZelandaAuckland
63%
TailandiaBangkok
63%
KuwaitKuwait
63%
NicaraguaManagua
63%
KosovoPristina
63%
Países Bajos (urbano)Róterdam
63%
MadagascarAntananarivo
59%
LíbanoBeirut
59%
TurquíaEstambul
59%
AngolaLuanda
59%
LibiaTrípoli
59%
GhanaAcra
56%
Ecuador (urbano)Guayaquil
56%
NepalKatmandú
56%
India (ciudad)Mumbai
56%
TaiwánNueva Taipéi
56%
Macedonia del NorteSkopie
56%
MoldaviaChișinău
53%
NigeriaLagos
53%
MontenegroPodgorica
53%
JordaniaAmán
50%
China (urbano)Cantón
50%
Sierra LeonaFreetown
50%
República Democrática del CongoKinsasa
50%
BahamasNasáu
50%
GeorgiaTiflis
50%
YibutiYibuti
50%
Guinea-BissauBisáu
47%
Sudán (urbano)Jartum
47%
MaldivasMalé
47%
MozambiqueMaputo
47%
Papúa Nueva GuineaPort Moresby
47%
Cabo VerdePraia
47%
MalíBamako
44%
CamboyaNom Pen
44%
Antigua y BarbudaSaint John's
44%
Camerún (urbano)Yaundé
44%
Belgica (ciudad)Amberes
41%
República del CongoBrazzaville
41%
Timor OrientalDili
41%
SurinamParamaribo
41%
Sri LankaColombo
38%
GuineaConakri
38%
UgandaKampala
38%
TogoLomé
38%
BaréinManama
38%
SomaliaMogadiscio
38%
LiberiaMonrovia
38%
YemenSaná
38%
BoliviaSanta Cruz
38%
LaosVientián
38%
BotsuanaGaborone
34%
PakistánKarachi
34%
GabónLibreville
34%
OmánMascate
34%
Santo Tomé y PríncipeSanto Tomé
34%
FiyiSuva
34%
ButánTimbu
34%
NamibiaWindhoek
34%
EritreaAsmara
31%
BrunéiBandar Seri Begawan
31%
República CentroafricanaBangui
31%
Gambia (urbano)Banjul
31%
ZambiaLusaka
31%
NígerNiamey
31%
MauricioPort Louis
31%
Burkina FasoUagadugú
31%
ChadYamena
31%
Sudán del SurYuba
31%
SamoaApia
28%
KirguistánBiskek
28%
BarbadosBridgetown
28%
TanzaniaDar es-Salam
28%
ZimbabueHarare
28%
RuandaKigali
28%
MalauiLilongüe
28%
SeychellesVictoria
28%
TurkmenistánAsjabad
25%
MauritaniaNuakchot
25%
DominicaRoseau
25%
UzbekistánTaskent
25%
Siria (ciudad)Alepo
22%
San Cristóbal y NievesBasseterre
22%
VietnamCiudad Ho Chi Minh
22%
TuvaluFunafuti
22%
BurundiGitega
22%
SuazilandiaMbabane
22%
ComorasMoroni
22%
KiribatiTarawa Sur
22%
Santa LucíaCastries
19%
BeliceCiudad de Belice
19%
Filipinas (ciudad)Ciudad Quezon
19%
TayikistánDusambé
19%
Islas MarshallMajuro
19%
VanuatuPort Vila
19%
GranadaSaint George
19%
Islas SalomónHoniara
16%
LesotoMaseru
16%
MyanmarRangún
16%
MaltaBahía de San Pablo
13%
TongaNukualofa
13%
Costa de MarfilAbiyán
9%
KazajistánAlma Ata
9%
Guinea EcuatorialBata
9%
BenínCotonú
9%
Camerún (ciudad)Duala
6%
Chipre (ciudad)Limasol
6%
San MarinoDogana
3%
PalaosKoror
3%
Gambia (ciudad)Brikama
0%
Trinidad y TobagoChaguanas
0%
NauruDenigomodu
0%
Sudán (ciudad)Omdurmán
0%
Estados Federados de MicronesiaWeno
0%

Distribución de puntuación

Porcentaje por número respondido

Porcentaje de gente con cada puntuación

Historial de tus puntuaciones

No has intentado esta prueba.